000 00680nam a22002417a 4500
001 00004521
003 DO-SdBNP
005 20180126143320.0
008 160530b 2001 sp xxu||||| |||| 00| 0 spa d
020 _a8439690525
040 _aBPMSU
_bspa
_cBPMSU
092 _axxxxx
_bxxxxx
100 1 _aClayton, Donna
240 1 0 _aWho will father my baby?
_lEspañol.
245 1 0 _aTormentas de verano /
_cDonna Clayton.
260 _aMadrid :
_bHarlequín Ibérica,
_c2001.
300 _a158 p. ;
_b18 cm.
490 1 _aJulia
_v1216
830 0 _pJulia ;
_v1216
942 _2ddc
_cBK
945 _aInventariado, 2018 / BT
956 _2LOPEREZ
_310
_620160530
_8BPMSU
_a00041
999 _c10236
_d10236